Loading...
Fine Arts - Classical Music | 5 | 10.00 | 80% | 20% | 0% |
Fine Arts - Other Fine Arts | 7 | 18.57 | 100% | 57% | 29% |
Fine Arts - Visual Fine Arts | 2 | 15.00 | 100% | 50% | 0% |
Geography/Current Events | 1 | 30.00 | 100% | 100% | 100% |
History - American History | 4 | 12.50 | 100% | 25% | 0% |
History - European History | 5 | 16.00 | 100% | 40% | 20% |
History - Other History | 7 | 18.57 | 100% | 57% | 29% |
History - World History | 1 | 20.00 | 100% | 100% | 0% |
Literature - American Literature | 2 | 10.00 | 100% | 0% | 0% |
Literature - British Literature | 5 | 16.00 | 100% | 60% | 0% |
Literature - European Literature | 5 | 18.00 | 100% | 80% | 0% |
Literature - World/Other Literature | 6 | 20.00 | 100% | 83% | 17% |
Mythology | 4 | 17.50 | 100% | 75% | 0% |
Other Academic | 2 | 15.00 | 100% | 50% | 0% |
Philosophy | 5 | 14.00 | 100% | 40% | 0% |
Pop Culture | 2 | 25.00 | 100% | 100% | 50% |
Religion | 5 | 12.00 | 100% | 20% | 0% |
Science - Biology | 4 | 12.50 | 100% | 0% | 25% |
Science - Chemistry | 3 | 16.67 | 100% | 67% | 0% |
Science - Other Science | 4 | 17.50 | 100% | 50% | 25% |
Science - Physics | 3 | 13.33 | 100% | 33% | 0% |
Social Science | 4 | 17.50 | 100% | 75% | 0% |
World/Other Literature> | 1 | 10.00 | 100% | 0% | 0% |